Score 0/23 Timer 04:00
1 Play Today
# of 'damn its' Character % Correct
138Jack Bauer
99.7%
5Chloe O'Brian
84.3%
3Tony Almeida
79.4%
4Kim Bauer
75.3%
5David Palmer
59.1%
2Michelle Dessler
54.1%
4Bill Buchanan
50.8%
3Wayne Palmer
43.8%
2Edgar Stiles
36.7%
5Charles Logan
32.2%
2Renee Walker
31.7%
4Chase Edmunds
30.4%
# of 'damn its' Character % Correct
3Curtis Manning
30.3%
2Martha Logan
25.9%
2Karen Hayes
14.8%
9Larry Moss
14.2%
3Dana Walsh
8.7%
2Lynn McGill
8.5%
3Ira Gaines
7.5%
2Carl Benton
3.7%
2Dave Conlon
2.8%
2Miguel
2.2%
2Blaine Mayer
1.7%

You're not logged in!

Compare scores with friends on all Sporcle quizzes.
OR
Log In

Sporcle TV

Today on Sporcle TV


Watch our educational content, quiz creation guides, and fun videos on Sporcle TV.

Show Comments

Extras

Top Quizzes Today


Score Distribution

Paid Content

Your Account Isn't Verified!

In order to create a playlist on Sporcle, you need to verify the email address you used during registration. Go to your Sporcle Settings to finish the process.

Report this User

Report this user for behavior that violates our Community Guidelines.

Details: